000 00390nam a2200145Ia 4500
008 230917s9999||||xx |||||||||||||| ||und||
040 _e110241
_aMAIN
041 _aEnglish
082 _a312.095 N15P
100 _aNambiar, ACK
245 0 _aPopulation development and the environment: the dynamic interface
260 _aNew Delhi
_bSerials
_c2005
300 _av, 274p p.
942 _cBK
999 _c123431
_d123431